000 00794nam a2200277Ia 4500
003 OSt
005 20221006153240.0
006 a|||||r|||| 00| 0
007 ta
008 221006b |||||||| |||| 00| 0 kor d
020 _cW 15,000
024 _a31,755
037 _bGift, Korean Embassy
_cTextual
040 _aEASL
_cEASL
_bkor
041 _2kor
_akor
082 _aY.495.P02<-M86v5, P5
100 _aMA Jeong-Mee Au.
_9663103
245 0 _aGwang goro ikneun hanguk sahoe munhwasa
260 _aSeoul
_bKaemakowon Korea
_c2005
300 _a334p.
_ccm.
490 _v KL
650 _a KL
650 _aKorean society letrature
_9663104
942 _hY.495.P02<-M86v5, P5
_cTEXL
_2CC
999 _c1099841
_d1099841